[Event "II. XXI. Rakosmente Open"]
[Site "Budapest"]
[Date "2022.08.19"]
[Round "1.1"]
[White "Tolnai, Jozsef"]
[Black "Bohati, Tamas"]
[Result "0-1"]
[WhiteElo "1739"]
[BlackElo "2262"]
[PlyCount "66"]
[EventDate "2022.08.19"]

1. e4 d6 2. d4 Nf6 3. f3 g6 4. c4 Bg7 5. Nc3 O-O 6. Be3 a6 7. Qd2 Nbd7 8. Nge2
c5 9. d5 Ne5 10. b3 Qa5 11. Rc1 b5 12. Nf4 bxc4 13. Bxc4 Nxc4 14. bxc4 Nd7 15.
Nb1 Qa4 16. Qc2 Qxc2 17. Rxc2 Ne5 18. Kd2 Bd7 19. Nd3 Ba4 20. Rcc1 Rab8 21.
Nxe5 Rb2+ 22. Kd3 Bxe5 23. f4 Bg7 24. e5 Bd7 25. Nd2 Bf5+ 26. Kc3 Rfb8 27. g4
dxe5 28. Bxc5 exf4+ 29. Bd4 Bxd4+ 30. Kxd4 Rxd2+ 31. Kc3 Rd3+ 32. Kc2 Be4 33.
Rhe1 Re3+ 0-1

[Event "II. XXI. Rakosmente Open"]
[Site "Budapest"]
[Date "2022.08.19"]
[Round "1.2"]
[White "Felmery, Mate"]
[Black "Patai, Tamas"]
[Result "1-0"]
[WhiteElo "2181"]
[BlackElo "1683"]
[PlyCount "101"]
[EventDate "2022.08.19"]

1. e4 e5 2. Nf3 Nf6 3. d3 d5 4. exd5 Qxd5 5. Nc3 Bb4 6. Bd2 Bxc3 7. Bxc3 Nc6 8.
Be2 Bg4 9. O-O O-O-O 10. Re1 e4 11. dxe4 Qxe4 12. Qc1 Qg6 13. Qg5 Rd5 14. Qxg6
hxg6 15. h3 Rdh5 16. Kf1 Bd7 17. Bc4 Nd5 18. Bxg7 R8h7 19. Bxd5 Rxd5 20. Bc3 g5
21. Rad1 Rxd1 22. Rxd1 g4 23. hxg4 Rh1+ 24. Ke2 Rxd1 25. Kxd1 Bxg4 26. Ke2 b5
27. Ke3 Kd7 28. Ng5 Ke7 29. Ke4 b4 30. Bd4 Bf5+ 31. Kd5 Nxd4 32. Kxd4 Bxc2 33.
Kc4 Bb1 34. Kxb4 Bxa2 35. Kc5 f6 36. Nf3 Kd7 37. Nd4 Bb1 38. f3 Bd3 39. Nc6 Bf1
40. g3 a6 41. Nb4 Be2 42. f4 f5 43. Kd5 a5 44. Nc2 c6+ 45. Ke5 c5 46. Ne3 Bd3
47. Kd5 c4 48. Nxc4 Bxc4+ 49. Kxc4 Kc6 50. Kd4 Kb5 51. Ke5 1-0

[Event "II. XXI. Rakosmente Open"]
[Site "Budapest"]
[Date "2022.08.19"]
[Round "1.3"]
[White "Safar, Istvan"]
[Black "Vasyliv, Stanislav"]
[Result "1/2-1/2"]
[WhiteElo "1657"]
[BlackElo "2144"]
[PlyCount "109"]
[EventDate "2022.08.19"]

1. d4 Nf6 2. g3 g6 3. Bg2 Bg7 4. Nf3 O-O 5. O-O d6 6. b3 Nbd7 7. Bb2 e5 8. dxe5
Ng4 9. Nbd2 Ngxe5 10. Nxe5 Nxe5 11. Rb1 d5 12. Re1 f5 13. e3 c6 14. Bxe5 Bxe5
15. Nf3 Bc3 16. Re2 b5 17. Nd4 Bd7 18. b4 a5 19. a3 axb4 20. axb4 Qe7 21. Qd3
Bxb4 22. Nxb5 Ra5 23. Nd4 Rfa8 24. c3 Bd6 25. Reb2 Ra1 26. Rb6 Qd8 27. Rb7 Qc8
28. R7b3 Qa6 29. Qd2 Qc4 30. Bf1 Rxb1 31. Rxb1 Ra2 32. Qc1 Qa4 33. c4 c5 34.
Nf3 Bc6 35. Nd2 Rc2 36. Qe1 Qa2 37. Rd1 Be5 38. Bd3 Rc3 39. Nb1 Rxd3 40. Rxd3
Qxc4 41. Rd1 d4 42. Nd2 Qd5 43. f3 dxe3 44. Ne4 fxe4 45. Rxd5 Bxd5 46. fxe4
Bxe4 47. Qe2 Bd4 48. h4 Bd3 49. Qa2+ c4 50. Qa8+ Kg7 51. Qd8 Bf6 52. Qc7+ Kg8
53. Qc8+ Kg7 54. Qc7+ Kg8 55. Qc8+ 1/2-1/2

[Event "II. XXI. Rakosmente Open"]
[Site "Budapest"]
[Date "2022.08.19"]
[Round "1.4"]
[White "Varaljai, Istvan"]
[Black "Molnar, Daniel Zsolt"]
[Result "1-0"]
[WhiteElo "1967"]
[BlackElo "1624"]
[PlyCount "120"]
[EventDate "2022.08.19"]

1. e4 c5 2. Nf3 Nc6 3. d4 cxd4 4. c3 d3 5. Bxd3 Nf6 6. O-O d6 7. h3 g6 8. Qe2
Bg7 9. Rd1 Qc7 10. Na3 a6 11. Be3 d5 12. exd5 Nxd5 13. Bg5 h6 14. Be4 hxg5 15.
Bxd5 g4 16. hxg4 Bxg4 17. Bxf7+ Kxf7 18. Ng5+ Kf8 19. Qxg4 Qh2+ 20. Kf1 Ne5 21.
Qd4 Qh1+ 22. Ke2 Qh5+ 23. Nf3 Nxf3 24. Qf4+ Ke8 25. gxf3 Qc5 26. Rd3 Rh5 27.
Rad1 Be5 28. Qc4 Qxc4 29. Nxc4 Bc7 30. Ne3 Rh2 31. Rd5 Bd6 32. Rg1 Kf7 33. c4
Rc8 34. b3 Rh4 35. Rdg5 Rh6 36. Ng4 Rh4 37. Rd5 Rh3 38. Rgd1 Rh5 39. R5d4 b5
40. Ne3 Bc5 41. Rf4+ Kg7 42. Rd7 Rh2 43. Ng4 Rh5 44. Kd3 Rh1 45. Kc2 Rh5 46.
Kd3 Rh1 47. Ke2 Rh5 48. Rf6 bxc4 49. bxc4 a5 50. Re6 Kf7 51. Ra6 Bb4 52. Kd3
Rhc5 53. f4 Rf5 54. Rd4 g5 55. Nh6+ Kf8 56. Nxf5 gxf4 57. Rxf4 Rd8+ 58. Nd4+
Kg7 59. Ke4 Rc8 60. Nf5+ Kf7 1-0

[Event "II. XXI. Rakosmente Open"]
[Site "Budapest"]
[Date "2022.08.19"]
[Round "1.5"]
[White "Papp, Lorinc"]
[Black "Szekeres, Janos"]
[Result "0-1"]
[WhiteElo "1539"]
[BlackElo "1923"]
[PlyCount "88"]
[EventDate "2022.08.19"]

1. e4 Nf6 2. e5 Nd5 3. d4 d6 4. c4 Nb6 5. exd6 cxd6 6. Nf3 Bg4 7. h3 Bxf3 8.
Qxf3 Nc6 9. Be3 g6 10. c5 dxc5 11. dxc5 Nd5 12. Bc4 e6 13. O-O Nxe3 14. Qxe3
Qa5 15. Bd5 Qxc5 16. Qxc5 Bxc5 17. Bxc6+ bxc6 18. Nd2 Bd4 19. Rac1 Bxb2 20.
Rxc6 O-O 21. Rc7 Rfc8 22. Rb7 Rc2 23. Nc4 Bd4 24. Nd6 f5 25. a4 a6 26. Nf7 Ra7
27. Nd6 Rxb7 28. Nxb7 Ra2 29. a5 Rc2 30. g3 Kf8 31. Nd6 Ke7 32. Nb7 Rc7 33. Rd1
Bxf2+ 34. Kxf2 Rxb7 35. Rc1 Rb5 36. Rc7+ Kf6 37. Rxh7 Rxa5 38. Ra7 Ra3 39. Ra8
e5 40. Rf8+ Kg5 41. h4+ Kg4 42. Rg8 Ra2+ 43. Kf1 Kxg3 44. Rxg6+ Kxh4 0-1

[Event "II. XXI. Rakosmente Open"]
[Site "Budapest"]
[Date "2022.08.19"]
[Round "1.6"]
[White "Palagyi, Csaba"]
[Black "Nagy, Daniel"]
[Result "1-0"]
[WhiteElo "1875"]
[BlackElo "1532"]
[PlyCount "85"]
[EventDate "2022.08.19"]

1. e4 c5 2. d4 cxd4 3. c3 dxc3 4. Nxc3 d6 5. Nf3 Bg4 6. Bc4 e6 7. Qb3 Qd7 8.
Nd4 Nc6 9. Bb5 Nge7 10. Bg5 h6 11. Be3 Rc8 12. O-O a6 13. Bxc6 Nxc6 14. Nxc6
Rxc6 15. f3 Bh5 16. Rfd1 Be7 17. Na4 b5 18. Nc5 Qc8 19. Nd3 O-O 20. Rac1 Rxc1
21. Rxc1 Qb7 22. Nf4 g6 23. Nxh5 gxh5 24. Qc2 Bg5 25. Bxg5 hxg5 26. Qd2 Qb6+
27. Kf1 f6 28. h4 b4 29. hxg5 Qb5+ 30. Kg1 Qxg5 31. Qxg5+ fxg5 32. Rc6 a5 33.
Rxd6 Rc8 34. Rxe6 Rc1+ 35. Kh2 Rc5 36. Rh6 Kg7 37. Rxh5 a4 38. f4 Kf6 39. Rxg5
Rc2 40. Ra5 Rxb2 41. Rxa4 Ke6 42. Ra6+ Kd7 43. Kh3 1-0

[Event "II. XXI. Rakosmente Open"]
[Site "Budapest"]
[Date "2022.08.19"]
[Round "1.7"]
[White "Gondor, Jakab"]
[Black "Szabo, A. Martin"]
[Result "0-1"]
[WhiteElo "1456"]
[BlackElo "1865"]
[PlyCount "59"]
[EventDate "2022.08.19"]

1. d4 Nf6 2. c4 g6 3. Nc3 Bg7 4. e4 d6 5. f3 O-O 6. Be3 c5 7. dxc5 dxc5 8. Qxd8
Rxd8 9. Bxc5 Nc6 10. g3 Nd7 11. Ba3 Bxc3+ 12. bxc3 Nde5 13. f4 Nd3+ 14. Ke2 f5
15. e5 Be6 16. Ke3 Bxc4 17. Rd1 Bd5 18. Nf3 Bxf3 19. Kxf3 Ndxe5+ 20. fxe5 Rxd1
21. Bc4+ Kf8 22. Rxd1 Nxe5+ 23. Kf2 Nxc4 24. Bc1 Ke8 25. Re1 Kd7 26. Bf4 Re8
27. Rd1+ Kc6 28. Rd4 b5 29. Kf3 e5 30. Bxe5 0-1

[Event "II. XXI. Rakosmente Open"]
[Site "Budapest"]
[Date "2022.08.19"]
[Round "1.8"]
[White "Neszmenyi, Zoltan"]
[Black "Kustar, Gabor"]
[Result "1-0"]
[WhiteElo "1862"]
[BlackElo "1441"]
[PlyCount "133"]
[EventDate "2022.08.19"]

1. Nf3 d5 2. d4 Nf6 3. c4 e6 4. Nc3 Be7 5. e3 a6 6. Bd3 dxc4 7. Bxc4 b5 8. Bd3
Bb7 9. O-O O-O 10. Ng5 h6 11. Nge4 Nbd7 12. Qc2 Rc8 13. Nxf6+ Nxf6 14. Ne4 c5
15. Nxf6+ Bxf6 16. dxc5 Qd5 17. e4 Qxc5 18. Qxc5 Rxc5 19. Be3 Rc7 20. Bf4 Rd7
21. e5 Bg5 22. Bxg5 hxg5 23. Rfd1 Rfd8 24. Be2 Rxd1+ 25. Rxd1 Rxd1+ 26. Bxd1 b4
27. g3 f6 28. f4 Kf7 29. Kf2 fxe5 30. fxe5 Bd5 31. a3 bxa3 32. bxa3 Ke7 33. Ke3
Kd7 34. Be2 a5 35. h4 gxh4 36. gxh4 Kc6 37. Kd4 Kb6 38. Bh5 Bc6 39. Be2 Bd5 40.
Bd3 Kc6 41. h5 Kb6 42. Bg6 Kc6 43. Be8+ Kb6 44. Ke3 Kc7 45. Kf4 Kd8 46. Bb5 Bb3
47. Kg5 Ke7 48. Kg6 Kf8 49. Bd3 Bd5 50. Kg5 Ke7 51. Bg6 Bb3 52. Kf4 Bd5 53. Ke3
Kd7 54. Kd4 Kc6 55. Be4 Bxe4 56. Kxe4 Kd7 57. Kf4 Ke7 58. Kg5 Kf7 59. a4 Kf8
60. Kg6 Kg8 61. h6 gxh6 62. Kxh6 Kf8 63. Kg6 Ke7 64. Kg7 Kd8 65. Kf6 Kc7 66.
Kxe6 Kd8 67. Kf7 1-0

[Event "II. XXI. Rakosmente Open"]
[Site "Budapest"]
[Date "2022.08.19"]
[Round "1.9"]
[White "Salamon, Laszlo"]
[Black "Bolyai, Istvan"]
[Result "1/2-1/2"]
[WhiteElo "1400"]
[BlackElo "1799"]
[PlyCount "119"]
[EventDate "2022.08.19"]

1. e4 e5 2. Nf3 Nc6 3. d4 exd4 4. Bc4 d6 5. Nxd4 Qe7 6. O-O Bd7 7. Nc3 O-O-O 8.
Re1 Ne5 9. Nd5 Qh4 10. Nf3 Qh5 11. Nxe5 Qxd1 12. Rxd1 dxe5 13. Be3 a6 14. f4 f6
15. fxe5 fxe5 16. Bg5 Re8 17. Rf1 Be6 18. Ne7+ Bxe7 19. Bxe6+ Kb8 20. Bxe7 Nxe7
21. Rf7 Nc6 22. Bd5 Re7 23. Raf1 Rhe8 24. Bxc6 bxc6 25. Rxe7 Rxe7 26. Kf2 Kb7
27. Ke3 Kb6 28. Kd3 Rd7+ 29. Kc3 Kc5 30. Rf5 Re7 31. b4+ Kb5 32. Kb3 c5 33. a4+
Kb6 34. Kc4 cxb4 35. Kxb4 a5+ 36. Kc4 Kc6 37. c3 h6 38. h3 Re6 39. Rf8 Re7 40.
Rb8 Rf7 41. Rb5 Rf2 42. Rxa5 Kd6 43. Ra6+ c6 44. g4 Rf4 45. Ra7 Rxe4+ 46. Kd3
Rf4 47. Ke2 Rc4 48. Rxg7 Rxc3 49. Rg6+ Kd5 50. Rxh6 e4 51. a5 Kd4 52. a6 Re3+
53. Kd2 Ra3 54. Rxc6 Rxh3 55. a7 Rh2+ 56. Kd1 Ra2 57. Rc7 Ke5 58. Rf7 Ke6 59.
Rf4 Ke5 60. Rf7 1/2-1/2

[Event "II. XXI. Rakosmente Open"]
[Site "Budapest"]
[Date "2022.08.19"]
[Round "1.10"]
[White "Horvath, Csaba"]
[Black "Berla, Zoltan Mate"]
[Result "1-0"]
[WhiteElo "1784"]
[BlackElo "1389"]
[PlyCount "71"]
[EventDate "2022.08.19"]

1. e4 c5 2. Nf3 Nc6 3. d4 cxd4 4. Nxd4 Nf6 5. Nc3 e5 6. Ndb5 d6 7. Bg5 a6 8.
Na3 b5 9. Bxf6 gxf6 10. Nd5 Bg7 11. c3 f5 12. Bd3 Be6 13. Qh5 O-O 14. exf5 Bxd5
15. f6 e4 16. Qxd5 Qxf6 17. O-O exd3 18. Qxc6 b4 19. Nc4 Rac8 20. Qxa6 bxc3 21.
bxc3 Qxc3 22. Rac1 Qb4 23. a3 Qc5 24. Qxd6 Qxd6 25. Nxd6 Rxc1 26. Rxc1 Rd8 27.
Nf5 d2 28. Rd1 Re8 29. Kf1 Bc3 30. Ne3 f5 31. g3 Re4 32. Ke2 f4 33. gxf4 Rxf4
34. Nd5 Re4+ 35. Kd3 Re1 36. Nxc3 1-0

[Event "II. XXI. Rakosmente Open"]
[Site "Budapest"]
[Date "2022.08.19"]
[Round "1.11"]
[White "Bende, Eniko Tunde"]
[Black "Sulcz, Istvan"]
[Result "0-1"]
[WhiteElo "1306"]
[BlackElo "1762"]
[PlyCount "36"]
[EventDate "2022.08.19"]

1. c4 Nf6 2. Nc3 g6 3. Nf3 Bg7 4. d4 O-O 5. g3 c6 6. e4 d6 7. Bg2 Nbd7 8. Bf4
e5 9. dxe5 dxe5 10. Nxe5 Nxe4 11. Nxd7 Nxc3 12. Qc2 Bxd7 13. bxc3 Bf5 14. Qb3
Qd3 15. Rc1 Rfe8+ 16. Be3 Rxe3+ 17. fxe3 Qxe3+ 18. Kf1 Bd3# 0-1

[Event "II. XXI. Rakosmente Open"]
[Site "Budapest"]
[Date "2022.08.20"]
[Round "2.1"]
[White "Bohati, Tamas"]
[Black "Neszmenyi, Zoltan"]
[Result "0-1"]
[WhiteElo "2262"]
[BlackElo "1862"]
[PlyCount "128"]
[EventDate "2022.08.19"]

1. d4 Nf6 2. c4 e6 3. g3 d5 4. Bg2 c6 5. Nf3 dxc4 6. Ne5 Qa5+ 7. Nd2 c3 8. bxc3
Qxc3 9. Rb1 Qxd4 10. Bb2 Qd8 11. O-O Be7 12. Qc2 O-O 13. Ndc4 Qc7 14. e4 Nbd7
15. g4 h6 16. f4 b6 17. g5 hxg5 18. fxg5 Ne8 19. h4 Nxe5 20. Bxe5 Bc5+ 21. Kh1
Qe7 22. Qc3 Ba6 23. Rf3 Rd8 24. Rg3 Bxc4 25. Qxc4 Bd6 26. Qc3 Bxe5 27. Qxe5 Qd6
28. Qc3 c5 29. Rf1 Nc7 30. h5 e5 31. h6 Ne6 32. Kh2 Nxg5 33. hxg7 Qh6+ 34. Kg1
Qxg7 35. Rf5 f6 36. Bf1 Qd7 37. Bc4+ Kg7 38. Rfxg5+ fxg5 39. Qxe5+ Kh7 40. Bd5
Rg8 41. Kg2 Rg6 42. Rh3+ Rh6 43. Rf3 Qg4+ 44. Kf2 Qh4+ 45. Ke3 Qe1+ 46. Kd3
Rxd5+ 47. Qxd5 Qd1+ 48. Ke3 Qxd5 49. exd5 Kg7 50. Ke4 g4 51. Rg3 Rg6 52. Kf5
Kf7 53. Ke5 Ke7 54. Kf5 Rg7 55. Ke5 Rg5+ 56. Kf4 Rxd5 57. Kxg4 Kd6 58. Kf4 Rd2
59. Ra3 a5 60. Ke4 Kc6 61. Ke5 Re2+ 62. Kf4 c4 63. Kf3 Re8 64. Rc3 Kc5 0-1

[Event "II. XXI. Rakosmente Open"]
[Site "Budapest"]
[Date "2022.08.20"]
[Round "2.2"]
[White "Sulcz, Istvan"]
[Black "Felmery, Mate"]
[Result "0-1"]
[WhiteElo "1762"]
[BlackElo "2181"]
[PlyCount "90"]
[EventDate "2022.08.19"]

1. c4 Nf6 2. Nf3 e6 3. g3 d5 4. d4 c6 5. Qc2 Bb4+ 6. Bd2 Be7 7. Bg2 O-O 8. O-O
b6 9. b3 Ba6 10. Bf4 Nbd7 11. Nbd2 Rc8 12. Qb2 Nh5 13. Ne5 Nxe5 14. Bxe5 f6 15.
Bf4 Nxf4 16. gxf4 Bd6 17. e3 Bb7 18. cxd5 cxd5 19. Nf3 Qe7 20. a3 a5 21. b4
axb4 22. axb4 Bxb4 23. Ra7 Rc7 24. f5 Ba5 25. fxe6 Qxe6 26. Qb3 Ra8 27. Rxb7
Rxb7 28. Ng5 Qd7 29. Bxd5+ Kf8 30. Ne6+ Ke7 31. Bxb7 Qxb7 32. Nf4 Qd7 33. Rc1
Ra7 34. Qg8 Qg4+ 35. Ng2 Bd2 36. Rf1 h5 37. h3 Qg6 38. Qb8 Ra5 39. Qxb6 Qe4 40.
Rb1 Kf7 41. Qc7+ Kg6 42. Nf4+ Kh6 43. Rf1 Qf3 44. Qf7 Rg5+ 45. Kh2 Bxe3 0-1

[Event "II. XXI. Rakosmente Open"]
[Site "Budapest"]
[Date "2022.08.20"]
[Round "2.3"]
[White "Fecske, Csaba"]
[Black "Varaljai, Istvan"]
[Result "1-0"]
[WhiteElo "1746"]
[BlackElo "1967"]
[PlyCount "91"]
[EventDate "2022.08.19"]

1. d4 c5 2. c3 e6 3. Bf4 Nc6 4. e3 d5 5. Nd2 cxd4 6. cxd4 Nf6 7. Ngf3 Be7 8.
Be2 O-O 9. O-O Nh5 10. Bg3 Nxg3 11. hxg3 Bd7 12. a3 a5 13. Rc1 Rc8 14. Bb5 Bf6
15. Qa4 Rc7 16. Nb3 Qa8 17. Bxc6 Rxc6 18. Rxc6 Bxc6 19. Qxa5 Qb8 20. Qb4 Qc7
21. Rc1 Ra8 22. Qc3 h5 23. Ne5 Bxe5 24. dxe5 g6 25. Nd4 Ra6 26. Nb5 Qd7 27. Nd4
Qc7 28. b4 Qd7 29. Qd3 Rb6 30. Rc5 Qe7 31. Qc3 Bd7 32. b5 f6 33. exf6 Qxf6 34.
a4 Rd6 35. Nf3 Qxc3 36. Rxc3 Kf7 37. Rc7 Kf6 38. Rxb7 e5 39. a5 Ke6 40. a6 Bc8
41. Rg7 Kf6 42. a7 Kxg7 43. a8=Q Be6 44. Nxe5 Kf6 45. Nf3 Bf7 46. b6 1-0

[Event "II. XXI. Rakosmente Open"]
[Site "Budapest"]
[Date "2022.08.20"]
[Round "2.4"]
[White "Szekeres, Janos"]
[Black "Horvath, Csaba"]
[Result "1-0"]
[WhiteElo "1923"]
[BlackElo "1784"]
[PlyCount "89"]
[EventDate "2022.08.19"]

1. e4 c5 2. d4 cxd4 3. c3 d3 4. c4 Nf6 5. Nc3 d6 6. Bxd3 g6 7. h3 Bg7 8. Nf3
Nbd7 9. Be3 b6 10. Rc1 Bb7 11. Qe2 Rc8 12. Nd2 Qc7 13. O-O Qb8 14. f4 Qa8 15.
a4 Nc5 16. Bxc5 bxc5 17. b3 Nd7 18. Nd5 Bxd5 19. cxd5 Qb8 20. Bb5 Rc7 21. Nc4
O-O 22. Na5 Qb6 23. Nc6 Nb8 24. Kh1 Nxc6 25. dxc6 a6 26. Bxa6 Rxc6 27. Bb5 Rc7
28. f5 Rcc8 29. Qc4 Kh8 30. h4 Be5 31. Rf3 Kg7 32. h5 g5 33. Qe2 Qa5 34. h6+
Kh8 35. Bc4 Bf4 36. Rd1 Qc7 37. Rdf1 Be5 38. f6 exf6 39. Rf5 Rg8 40. Rxf6 Rcf8
41. Rxf7 Qd8 42. Qg4 Rxf7 43. Rxf7 Rf8 44. Qd7 Kg8 45. Rxf8+ 1-0

[Event "II. XXI. Rakosmente Open"]
[Site "Budapest"]
[Date "2022.08.20"]
[Round "2.6"]
[White "Szabo, A. Martin"]
[Black "Bagi, Lajos"]
[Result "1-0"]
[WhiteElo "1865"]
[BlackElo "1756"]
[PlyCount "121"]
[EventDate "2022.08.19"]

1. d4 e6 2. c4 d5 3. g3 Nf6 4. Bg2 c5 5. cxd5 exd5 6. Nf3 Bd7 7. O-O Bc6 8. Bg5
Nbd7 9. Nc3 Be7 10. dxc5 Nxc5 11. Nd4 h6 12. Bxf6 Bxf6 13. Nxc6 bxc6 14. Rc1
Rc8 15. b4 Ne6 16. Qa4 O-O 17. Qxa7 Ra8 18. Qb7 Qd6 19. b5 Bxc3 20. Rxc3 Nd4
21. Rxc6 Nxc6 22. bxc6 Rfb8 23. Qd7 Qxd7 24. cxd7 Ra7 25. Bh3 Rxa2 26. Rc1 Rd8
27. Rc8 Ra8 28. Rc5 d4 29. Rc4 d3 30. exd3 Kf8 31. Kf1 Ra2 32. Rd4 Rc2 33. Rf4
g6 34. Be6 Ke7 35. Bxf7 g5 36. Rf5 Rxd7 37. Bc4 Rd6 38. Rf7+ Ke8 39. Rc7 Rb2
40. Rc8+ Ke7 41. Rc7+ Kf6 42. Kg2 g4 43. Rf7+ Kg5 44. h4+ gxh3+ 45. Kxh3 h5 46.
Rf8 Rf6 47. f4+ Kg6 48. Rg8+ Kh7 49. Rg5 Kh6 50. Bd5 Rd2 51. Be4 Ra6 52. Rg8
Raa2 53. Rh8+ Kg7 54. Rxh5 Rf2 55. Kg4 Ra4 56. Rb5 Rh2 57. Kg5 Rd4 58. f5 Ra2
59. f6+ Kf8 60. Kg6 Rd8 61. Rh5 1-0

[Event "II. XXI. Rakosmente Open"]
[Site "Budapest"]
[Date "2022.08.20"]
[Round "2.7"]
[White "Vasyliv, Stanislav"]
[Black "Salamon, Laszlo"]
[Result "1-0"]
[WhiteElo "2144"]
[BlackElo "1400"]
[PlyCount "87"]
[EventDate "2022.08.19"]

1. Nf3 f5 2. d4 Nf6 3. g3 e6 4. Bg2 Be7 5. O-O O-O 6. c4 d6 7. Nc3 Ne4 8. Qc2
Nxc3 9. Qxc3 Qe8 10. Qc2 a5 11. e4 Nc6 12. exf5 exf5 13. Bd2 Bf6 14. Bc3 Qh5
15. d5 Ne5 16. Nxe5 Bxe5 17. f4 Bxc3 18. Qxc3 Bd7 19. Rae1 b6 20. Re7 Rf7 21.
Rfe1 Qg6 22. R7e6 Rf6 23. Rxf6 gxf6 24. Re7 Rd8 25. Bh3 Kf8 26. Qe1 Re8 27.
Rxe8+ Qxe8 28. Qxe8+ Kxe8 29. Kf2 b5 30. cxb5 Bxb5 31. Bxf5 Bc4 32. a3 Bxd5 33.
Bxh7 Ke7 34. h4 Be6 35. f5 Bb3 36. g4 Kf8 37. g5 Kg7 38. Bg6 c5 39. Ke3 Bg8 40.
Kf4 d5 41. h5 fxg5+ 42. Kxg5 d4 43. f6+ Kf8 44. h6 1-0

[Event "II. XXI. Rakosmente Open"]
[Site "Budapest"]
[Date "2022.08.20"]
[Round "2.8"]
[White "Bolyai, Istvan"]
[Black "Safar, Istvan"]
[Result "0-1"]
[WhiteElo "1799"]
[BlackElo "1657"]
[PlyCount "64"]
[EventDate "2022.08.19"]

1. e4 c5 2. Nf3 Nc6 3. Nc3 a6 4. b3 g6 5. Bb2 Bg7 6. Be2 e6 7. O-O Nge7 8. Re1
O-O 9. h3 b5 10. Nh2 Bb7 11. Rb1 Qc7 12. d3 Nd4 13. Bf1 Rad8 14. Ne2 d5 15.
Nxd4 cxd4 16. Ng4 dxe4 17. dxe4 e5 18. Qd3 Bc8 19. c3 f5 20. Nh2 fxe4 21. Qd2
Bb7 22. g3 Nf5 23. Bg2 e3 24. fxe3 Nxe3 25. Bxb7 Qxb7 26. Nf1 Bh6 27. Qe2 Rf3
28. Bc1 d3 29. Qh2 Nxf1 30. Rxf1 Rxf1+ 31. Kxf1 d2 32. Bxd2 Rxd2 0-1

[Event "II. XXI. Rakosmente Open"]
[Site "Budapest"]
[Date "2022.08.20"]
[Round "2.9"]
[White "Kustar, Gabor"]
[Black "Tolnai, Jozsef"]
[Result "0-1"]
[WhiteElo "1441"]
[BlackElo "1739"]
[PlyCount "80"]
[EventDate "2022.08.19"]

1. e4 c6 2. Nf3 d5 3. Nc3 dxe4 4. Nxe4 Bf5 5. Ng3 Bg6 6. h4 h6 7. Ne5 Bh7 8.
Qh5 g6 9. Bc4 e6 10. Qe2 Qe7 11. d4 Nf6 12. Be3 Bg7 13. Qd2 Nbd7 14. Nxd7 Nxd7
15. O-O-O h5 16. Ne4 Nb6 17. Bb3 a5 18. a3 a4 19. Ba2 Nd5 20. Bxd5 cxd5 21. Ng5
O-O 22. Rde1 f6 23. Nh3 Rfc8 24. c3 Qd7 25. f3 Qb5 26. g4 Qb3 27. Kb1 Bf8 28.
gxh5 Bxa3 29. hxg6 Bxg6+ 30. Ka1 Bd6 31. Rhg1 Kf7 32. Rxg6 Kxg6 33. Rg1+ Kf7
34. Qd3 f5 35. Ng5+ Ke8 36. Nxe6 a3 37. Ng7+ Kd8 38. Bg5+ Kc7 39. Ne6+ Kb6 40.
Bd8+ Rxd8 0-1

[Event "II. XXI. Rakosmente Open"]
[Site "Budapest"]
[Date "2022.08.20"]
[Round "2.10"]
[White "Patai, Tamas"]
[Black "Sass, Oscar"]
[Result "1-0"]
[WhiteElo "1683"]
[BlackElo "1432"]
[PlyCount "75"]
[EventDate "2022.08.19"]

1. e4 c5 2. Nc3 Nc6 3. f4 e6 4. Nf3 d5 5. e5 Nge7 6. Bb5 a6 7. Bxc6+ Nxc6 8. d3
b5 9. O-O Qb6 10. f5 b4 11. fxe6 Bxe6 12. Na4 Qc7 13. Ng5 Nxe5 14. Nxe6 fxe6
15. Bf4 Bd6 16. Qh5+ Ng6 17. Bg5 Be7 18. Rae1 Qc6 19. Bxe7 Kxe7 20. Qg5+ Kd6
21. b3 Rhf8 22. h4 Qc7 23. Rxf8 Rxf8 24. Qg3+ Nf4 25. Qe3 Ke7 26. g3 d4 27. Qe4
Ng6 28. Qxe6+ Kd8 29. Qd5+ Qd7 30. Qa8+ Qc8 31. Qd5+ Qd7 32. Qxc5 Rf3 33. Qb6+
Kc8 34. Qxa6+ Kb8 35. Qb6+ Kc8 36. Qc5+ Kd8 37. Qa5+ Qc7 38. Qd5+ 1-0

[Event "II. XXI. Rakosmente Open"]
[Site "Budapest"]
[Date "2022.08.20"]
[Round "2.11"]
[White "Molnar, Daniel Zsolt"]
[Black "Bende, Eniko Tunde"]
[Result "1-0"]
[WhiteElo "1624"]
[BlackElo "1306"]
[PlyCount "39"]
[EventDate "2022.08.19"]

1. e4 c5 2. Nc3 Nc6 3. f4 d6 4. Nf3 Nf6 5. Bc4 g6 6. O-O Bg7 7. d3 O-O 8. Qe1
Qc7 9. Qh4 a6 10. a4 Bd7 11. f5 Na5 12. Ba2 e6 13. Bg5 Ne8 14. f6 Bh8 15. Qh6
Bxf6 16. Bxf6 Nxf6 17. Ng5 Qd8 18. Rxf6 Re8 19. Qxh7+ Kf8 20. Qxf7# 1-0

[Event "II. XXI. Rakosmente Open"]
[Site "Budapest"]
[Date "2022.08.20"]
[Round "2.12"]
[White "Berla, Zoltan Mate"]
[Black "Papp, Lorinc"]
[Result "1-0"]
[WhiteElo "1389"]
[BlackElo "1539"]
[PlyCount "39"]
[EventDate "2022.08.19"]

1. e4 c6 2. d4 d5 3. e5 Bf5 4. h4 h5 5. Bg5 Qb6 6. Bd3 Qxb2 7. Bxf5 Qxa1 8. e6
Qxa2 9. exf7+ Kxf7 10. Nf3 Nh6 11. Ne5+ Ke8 12. Qxh5+ Kd8 13. O-O Kc7 14. Be6
Qxc2 15. Qe8 Qe4 16. Qc8+ Kb6 17. Qd8+ Ka6 18. Nc3 Qxd4 19. Ra1+ Qa4 20. Rxa4#
1-0

[Event "II. XXI. Rakosmente Open"]
[Site "Budapest"]
[Date "2022.08.20"]
[Round "3.1"]
[White "Felmery, Mate"]
[Black "Szabo, A. Martin"]
[Result "0-1"]
[WhiteElo "2181"]
[BlackElo "1865"]
[PlyCount "78"]
[EventDate "2022.08.19"]

1. e4 g6 2. g3 Bg7 3. Bg2 c5 4. Nf3 Nc6 5. O-O d6 6. c3 e5 7. d3 Nge7 8. a3 a5
9. a4 O-O 10. Na3 Kh8 11. Nb5 Bg4 12. h3 Bxf3 13. Bxf3 f5 14. exf5 Nxf5 15. Bg2
Qd7 16. Qb3 Rae8 17. Na3 h5 18. Nc4 Qf7 19. Qb5 Qc7 20. Ra3 Rd8 21. Ne3 Bh6 22.
Nxf5 Bxc1 23. Nh4 Qf7 24. Rxc1 g5 25. Nf3 g4 26. hxg4 hxg4 27. Nh2 Qxf2+ 28.
Kh1 Qxg3 29. Rf1 Rxf1+ 30. Nxf1 Qh4+ 31. Kg1 Rf8 32. Qc4 Qf2+ 33. Kh1 Rf6 34.
Qxg4 Rh6+ 35. Bh3 Qxf1+ 36. Kh2 Ne7 37. Rb3 Nf5 38. Rxb7 Qf2+ 39. Qg2 Rxh3+ 0-1

[Event "II. XXI. Rakosmente Open"]
[Site "Budapest"]
[Date "2022.08.20"]
[Round "3.2"]
[White "Neszmenyi, Zoltan"]
[Black "Szekeres, Janos"]
[Result "0-1"]
[WhiteElo "1862"]
[BlackElo "1923"]
[PlyCount "82"]
[EventDate "2022.08.19"]

1. Nf3 Nf6 2. c4 g6 3. d4 c5 4. Nc3 cxd4 5. Nxd4 Bg7 6. g3 O-O 7. Bg2 Nc6 8.
O-O Qb6 9. e3 d6 10. b3 Bd7 11. Bb2 a6 12. Rc1 Rfd8 13. Na4 Qa7 14. Nxc6 bxc6
15. c5 d5 16. Nb6 Rab8 17. Be5 Rb7 18. Qd4 Ne8 19. Bxg7 Nxg7 20. Qe5 Be8 21.
Bh3 f6 22. Qc3 f5 23. g4 e6 24. Rfd1 Re7 25. Rd4 fxg4 26. Bxg4 h5 27. Be2 e5
28. Ra4 e4 29. Rxa6 Qc7 30. a4 Re5 31. h4 Rf5 32. Bf1 Qe7 33. Bh3 Rf3 34. Bg2
Qxh4 35. Bxf3 exf3 36. Qe5 Nf5 37. Qh2 Qg5+ 38. Kf1 d4 39. Re1 dxe3 40. fxe3
Ng3+ 41. Kg1 Rd2 0-1

[Event "II. XXI. Rakosmente Open"]
[Site "Budapest"]
[Date "2022.08.20"]
[Round "3.3"]
[White "Palagyi, Csaba"]
[Black "Fecske, Csaba"]
[Result "1-0"]
[WhiteElo "1875"]
[BlackElo "1746"]
[PlyCount "25"]
[EventDate "2022.08.19"]

1. e4 c5 2. d4 cxd4 3. c3 dxc3 4. Nxc3 d6 5. Nf3 Nc6 6. Bc4 Bg4 7. Bxf7+ Kxf7
8. Ng5+ Ke8 9. Qxg4 Qd7 10. Qxd7+ Kxd7 11. Nf7 e5 12. Nxh8 Ke7 13. Nd5+ 1-0

[Event "II. XXI. Rakosmente Open"]
[Site "Budapest"]
[Date "2022.08.20"]
[Round "3.4"]
[White "Bohati, Tamas"]
[Black "Vasyliv, Stanislav"]
[Result "0-1"]
[WhiteElo "2262"]
[BlackElo "2144"]
[PlyCount "50"]
[EventDate "2022.08.19"]

1. d4 Nf6 2. c4 c5 3. Nf3 e6 4. Nc3 d5 5. cxd5 exd5 6. g3 Nc6 7. Bg2 Bg4 8.
dxc5 Bxc5 9. O-O d4 10. Na4 Be7 11. b3 O-O 12. Bg5 Rc8 13. Nb2 Ne4 14. Bxe7
Qxe7 15. Nxd4 Nc3 16. Nxc6 Rxc6 17. Qe1 Nxe2+ 18. Kh1 Re6 19. Qa5 b6 20. Qa4
Qg5 21. f3 Bf5 22. Qb5 Rh6 23. Qxe2 Qxg3 24. Kg1 Qxh2+ 25. Kf2 Rg6 0-1

[Event "II. XXI. Rakosmente Open"]
[Site "Budapest"]
[Date "2022.08.20"]
[Round "3.5"]
[White "Safar, Istvan"]
[Black "Sulcz, Istvan"]
[Result "1-0"]
[WhiteElo "1657"]
[BlackElo "1762"]
[PlyCount "59"]
[EventDate "2022.08.19"]

1. d4 Nf6 2. g3 g6 3. Bg2 Bg7 4. Nf3 O-O 5. O-O d5 6. b3 c5 7. c3 cxd4 8. cxd4
Nc6 9. Bb2 Ne4 10. Nbd2 Qa5 11. Nxe4 dxe4 12. Ne1 f5 13. a3 Qd5 14. e3 Rd8 15.
Nd3 Qf7 16. Nc1 e5 17. Ne2 Be6 18. b4 Bb3 19. Qd2 Bc4 20. Rfc1 Bxe2 21. Qxe2
exd4 22. exd4 Bxd4 23. Bf1 Ne5 24. Bxd4 Rxd4 25. Qb5 Qd5 26. Rc5 Nf3+ 27. Kg2
Qd7 28. Rac1 Rd8 29. Rc7 Qxb5 30. Bxb5 1-0